Mass atrocity, collective memory, and the law / (Record no. 1533)

MARC details
000 -LEADER
fixed length control field 03578cam a2200373 a 4500
001 - CONTROL NUMBER
control field ocm36041580
003 - CONTROL NUMBER IDENTIFIER
control field TZ-ArACH
005 - DATE AND TIME OF LATEST TRANSACTION
control field 2012020202502.0
008 - FIXED-LENGTH DATA ELEMENTS--GENERAL INFORMATION
fixed length control field 961129s1997 nju b 001 0 eng
010 ## - LIBRARY OF CONGRESS CONTROL NUMBER
LC control number 96050097
020 ## - INTERNATIONAL STANDARD BOOK NUMBER
International Standard Book Number 0765806630
020 ## - INTERNATIONAL STANDARD BOOK NUMBER
International Standard Book Number 9780765806635
035 ## - SYSTEM CONTROL NUMBER
System control number (OCoLC)36041580
Canceled/invalid control number (OCoLC)263632393
040 ## - CATALOGING SOURCE
Original cataloging agency DLC
Transcribing agency TZ-ArACH
Modifying agency EL$
-- BAKER
-- NLGGC
-- YDXCP
-- BTCTA
-- NYDWH
-- STF
-- UAB
-- BCD
-- UAT
049 ## - LOCAL HOLDINGS (OCLC)
Holding library TZAA
050 00 - LIBRARY OF CONGRESS CALL NUMBER
Classification number KZ1168.5
Item number .O83
082 00 - DEWEY DECIMAL CLASSIFICATION NUMBER
Classification number 341.6/9/01
Edition number 21
100 1# - MAIN ENTRY--PERSONAL NAME
Personal name Osiel, Mark.
9 (RLIN) 4155
245 10 - TITLE STATEMENT
Title Mass atrocity, collective memory, and the law /
Statement of responsibility, etc Mark Osiel.
260 ## - PUBLICATION, DISTRIBUTION, ETC. (IMPRINT)
Place of publication, distribution, etc New Brunswick, N.J. :
Name of publisher, distributor, etc Transaction Publishers,
Date of publication, distribution, etc c1997.
300 ## - PHYSICAL DESCRIPTION
Extent x, 317 p. ;
Dimensions 24 cm.
504 ## - BIBLIOGRAPHY, ETC. NOTE
Bibliography, etc Includes bibliographical references and index.
505 0# - FORMATTED CONTENTS NOTE
Formatted contents note 1. Crime, Consensus, and Solidarity -- 2. Solidarity Through Civil Dissensus -- 3. Defendants' Rights, National Narrative, and Liberal Memory -- 4. Losing Perspective, Distorting History -- 5. Legal Judgment As Precedent and Analogy -- 6. Breaking with the Past, Through Guilt and Repentance -- 7. Constructing Memory with Legal Blueprints? -- 8. Making Public Memory, Publicly -- App. Collective Memory in the Postwar German Army.
520 ## - SUMMARY, ETC.
Summary, etc Trials of those responsible for large-scale state brutality have captured public imagination in several countries. Prosecutors and judges in such cases, says Osiel, rightly aim to shape collective memory. They can do so in ways successful as public spectacle and consistent with liberal legality. In defending this interpretation, he examines the Nuremburg and Tokyo trials, the Eichmann prosecution, and more recent trials in Argentina and France. Such trials can never summon up a "collective conscience" of moral principles shared by all, he argues. But they can nonetheless contribute to a little-noticed kind of social solidarity.
520 8# - SUMMARY, ETC.
Summary, etc To this end, writes Osiel, we should pay closer attention to the way an experience of administrative massacre is framed within the conventions of competing theatrical genres. Defense counsel will tell the story as a tragedy, while prosecutors will present it as a morality play. The judicial task at such moments is to employ the law to recast the courtroom drama in terms of a "theater of ideas," which engages large questions of collective memory and even national identity. Osiel asserts that principles of liberal morality can be most effectively inculcated in a society traumatized by fratricide when proceedings are conducted in this fashion.
520 8# - SUMMARY, ETC.
Summary, etc The approach Osiel advocates requires courts to confront questions of historical interpretation and moral pedagogy generally regarded as beyond their professional competence. It also raises objections that defendants' rights will be sacrificed, historical understanding distorted, and that the law cannot willfully influence collective memory, at least not when lawyers acknowledge this aim. Osiel responds to all these objections, and others. Lawyers, judges, sociologists, historians, and political theorists will find this a compelling contribution to debates on the meaning and consequences of genocide.
650 #0 - SUBJECT ADDED ENTRY--TOPICAL TERM
Topical term or geographic name as entry element War crime trials
General subdivision Moral and ethical aspects.
9 (RLIN) 4156
650 #0 - SUBJECT ADDED ENTRY--TOPICAL TERM
Topical term or geographic name as entry element War crime trials
General subdivision Social aspects.
9 (RLIN) 4157
650 #0 - SUBJECT ADDED ENTRY--TOPICAL TERM
Topical term or geographic name as entry element Procès pour crimes de guerre
General subdivision Aspects sociaux.
9 (RLIN) 4158
650 #0 - SUBJECT ADDED ENTRY--TOPICAL TERM
Topical term or geographic name as entry element Mémoire
General subdivision Aspects sociaux.
9 (RLIN) 4159
650 #7 - SUBJECT ADDED ENTRY--TOPICAL TERM
Topical term or geographic name as entry element WAR CRIMES
9 (RLIN) 4160
942 ## - ADDED ENTRY ELEMENTS (KOHA)
Source of classification or shelving scheme Library of Congress Classification
Koha item type Books
Holdings
Home library Current library Shelving location Date acquired Full call number Barcode Koha item type
African Court on Human and Peoples' Rights Library African Court on Human and Peoples' Rights Library   02/02/2012 KZ1168 .O83 10015892 Books

African Court on Human and Peoples' Rights | For Inquiries Contact » +255 272 510 510